Library of the University of Algiers 3
Ibrahim Sultan Cheibout
شعار جامعة الجزائر 3
مكتبة جامعة الجزائر 3
إبراهيم سلطان شيبوط

حقوق الانسان و قانون الطفل في التربية البدنية و الرياضة (رقم التسجيلة. 11872)

تفاصيل مارك
000 -LEADER
fixed length control field 00802nam a2200217Ia 4500
003 - CONTROL NUMBER IDENTIFIER
control field IEPS
005 - DATE AND TIME OF LATEST TRANSACTION
control field 20250703135252.0
008 - FIXED-LENGTH DATA ELEMENTS--GENERAL INFORMATION
fixed length control field 250223s9999||||xx |||||||||||||| ||und||
020 ## - INTERNATIONAL STANDARD BOOK NUMBER
International Standard Book Number 9773275280
040 ## - CATALOGING SOURCE
-- IEPS
041 ## - LANGUAGE CODE
Language code of text/sound track or separate title ara
082 ## - DEWEY DECIMAL CLASSIFICATION NUMBER
Classification number 340
100 ## - MAIN ENTRY--PERSONAL NAME
Personal name الشافعي حسن أحمد
245 #0 - TITLE STATEMENT
Title حقوق الانسان و قانون الطفل في التربية البدنية و الرياضة
245 #0 - TITLE STATEMENT
Remainder of title عن الشريعة الاسلامية - المواثيق الدولية - الاقليمية - المحلية
260 ## - PUBLICATION, DISTRIBUTION, ETC.
Place of publication, distribution, etc. الاسكندرية
Name of publisher, distributor, etc. دار الوفاء لدنيا الطباعة و النشر
Date of publication, distribution, etc. 2005
300 ## - PHYSICAL DESCRIPTION
Extent 428 ص.
Other physical details جداول ، مخططات
Dimensions 20 سم.
653 ## - INDEX TERM--UNCONTROLLED
Uncontrolled term التشريع الرياضي
653 ## - INDEX TERM--UNCONTROLLED
Uncontrolled term القانون
942 ## - ADDED ENTRY ELEMENTS (KOHA)
Koha item type كتب
المقتنيات
Withdrawn status Lost status Source of classification or shelving scheme Damaged status Not for loan Home library Current library Date acquired Inventory number Total checkouts Full call number Barcode Date last seen Copy number Price effective from Koha item type
    Dewey Decimal Classification   NOT LOAN / إعارة داخلية مكتبة معهد التربية البدنية و الرياضية مكتبة معهد التربية البدنية و الرياضية 23/02/2025 invar1768   340 ا ح ح / 1 invar1768 23/02/2025 ل ع 780 / 1 23/02/2025 كتب
    Dewey Decimal Classification   Available مكتبة معهد التربية البدنية و الرياضية مكتبة معهد التربية البدنية و الرياضية 23/02/2025 invar1769   340 ا ح ح / 2 invar1769 23/02/2025 ل ع 780 / 2 23/02/2025 كتب
    Dewey Decimal Classification   Available مكتبة معهد التربية البدنية و الرياضية مكتبة معهد التربية البدنية و الرياضية 23/02/2025 invar1770   340 ا ح ح / 3 invar1770 23/02/2025 ل ع 780 / 3 23/02/2025 كتب
    Dewey Decimal Classification   Available مكتبة معهد التربية البدنية و الرياضية مكتبة معهد التربية البدنية و الرياضية 23/02/2025 invar1771   340 ا ح ح / 4 invar1771 23/02/2025 ل ع 780 / 4 23/02/2025 كتب
    Dewey Decimal Classification   Available مكتبة معهد التربية البدنية و الرياضية مكتبة معهد التربية البدنية و الرياضية 23/02/2025 invar3149   340 ا ح ح / 5 invar3149 23/02/2025 ل ع 780 / 5 23/02/2025 كتب
    Dewey Decimal Classification   Available مكتبة معهد التربية البدنية و الرياضية مكتبة معهد التربية البدنية و الرياضية 23/02/2025 invar3150   340 ا ح ح / 6 invar3150 23/02/2025 ل ع 780 / 6 23/02/2025 كتب
    Dewey Decimal Classification   Available مكتبة معهد التربية البدنية و الرياضية مكتبة معهد التربية البدنية و الرياضية 23/02/2025 invar3151   340 ا ح ح / 7 invar3151 23/02/2025 ل ع 780 / 7 23/02/2025 كتب

موارد الويب المفتوحة


© University of Algiers 3 All Rights Reserved
|
Implemented by LECHELAH Riad